Central Library OPAC University of Rajshahi
Normal view MARC view

Entry Geographic Name

Number of records used in: 2

001 - CONTROL NUMBER

  • control field: 14102

003 - CONTROL NUMBER IDENTIFIER

  • control field: BD-RjUL

005 - DATE AND TIME OF LATEST TRANSACTION

  • control field: 20241104125051.0

008 - FIXED-LENGTH DATA ELEMENTS

  • fixed length control field: 241104|| aca||aabn | a|a d

040 ## - CATALOGING SOURCE

  • Original cataloging agency: BD-RjUL
  • Transcribing agency: BD-RjUL

151 ## - HEADING--GEOGRAPHIC NAME

  • Geographic name: বাংলাদেশ
  • Geographic subdivision: রাজশাহী বিভাগ
  • Form subdivision: অর্থনৈতিক অবস্থা

670 ## - SOURCE DATA FOUND

  • Source citation: Work cat.: (BD-RjUL)84232: আসাদুজ্জামান, উন্নয়নের যাত্রা / , ২০২৩